000 00360nam a2200133Ia 4500
005 20251222143233.0
008 251222s9999||||xx |||||||||||||| ||spa||
020 _a9972-653-242
082 _a343.052/D98
100 _aDurán Rojo, Luis
245 0 _aImpuesto Temporal a los Activos Netos, ITAN
264 _bAsesoramiento y Análisis Laborales
942 _cLIB
999 _c14267
_d14267